| 000 | 00368nam a2200145Ia 4500 | ||
|---|---|---|---|
| 008 | 240624s9999 xx 000 0 und d | ||
| 041 | _aeng | ||
| 082 | _a005.133 HOR | ||
| 100 | _aHORSTMANN CAY S | ||
| 245 | _aCORE JAVA 2 VOLUME I FUNDAMENTALS | ||
| 250 | _a(7th ed.) | ||
| 260 |
_c2005 _aNew Delhi _bPearson Education |
||
| 300 | _a783 : p. : cm. ; 26 | ||
| 365 | _cRS | ||
| 999 |
_c3046 _d3046 |
||